000 00210nam a22001097a 4500
999 _c153914
_d153914
082 _a
_b
245 _aPSC question bank/
260 _a
_bBrilliance,
_c2013.
300 _a880p.
650 _a
942 _cBK